000 01902nam a22003734a 4500
001 ebr10356836
003 CaPaEBR
006 m u
007 cr cn|||||||||
008 040525s2004 miu sb 001 0 eng
010 _z 2004012107
020 _z0472114220 (cloth : alk. paper)
020 _z047203037X (pbk. : alk. paper)
040 _aCaPaEBR
_cCaPaEBR
035 _a(OCoLC)587635730
043 _aa-is---
050 1 4 _aKMK40.P64
_bB55 2004eb
082 0 4 _a345.5694/0231
_222
100 1 _aBilsky, Leora,
_d1967-
245 1 0 _aTransformative justice
_h[electronic resource] :
_bIsraeli identity on trial /
_cLeora Bilsky ; with a foreword by Richard J. Bernstein.
260 _aAnn Arbor :
_bUniversity of Michigan Press,
_cc2004.
300 _axiii, 378 p.
490 1 _aLaw, meaning, and violence
504 _aIncludes bibliographical references (p. 343-363) and index.
505 0 _aPerforming the past : the role of the political lawyer -- From Faust to Kastner : the judge as storyteller -- The poet's countertrial -- A tale of two narratives -- Reflective judgment and the spectacle of justice -- Social criticism in the shadow of a transformative trial -- Between ordinary politics and transformative politics -- "A Jewish and democratic state" reconsidered.
533 _aElectronic reproduction.
_bPalo Alto, Calif. :
_cebrary,
_d2013.
_nAvailable via World Wide Web.
_nAccess may be limited to ebrary affiliated libraries.
650 0 _aTrials (Political crimes and offenses)
_zIsrael.
650 0 _aJustice, Administration of
_xPolitical aspects
_zIsrael.
650 0 _aDemocracy
_zIsrael
_xReligious aspects.
655 7 _aElectronic books.
_2local
710 2 _aebrary, Inc.
830 0 _aLaw, meaning, and violence.
856 4 0 _uhttp://site.ebrary.com/lib/rucke/Doc?id=10356836
_zAn electronic book accessible through the World Wide Web; click to view
999 _c108065
_d108065